Normal view
MARC view
Entry Topical Term
001 - CONTROL NUMBER
- control field: 2394
003 - CONTROL NUMBER IDENTIFIER
- control field: BD-SpBAUS
005 - DATE AND TIME OF LATEST TRANSACTION
- control field: 20260219123845.0
008 - FIXED-LENGTH DATA ELEMENTS
- fixed length control field: 260219|| aca||aabn | a|a d
040 ## - CATALOGING SOURCE
- Original cataloging agency: BD-SpBAUS
- Transcribing agency: BD-SpBAUS
150 ## - HEADING--TOPICAL TERM
- Topical term or geographic name entry element: Transportation Planning
670 ## - SOURCE DATA FOUND
- Source citation: Work cat.: (BD-SpBAUS)971: Kadiyali, L.R. 2392, Traffic Engineering and Transport Planning /, 2007 [Reprint 2013].
